01011nam a2200265 a 450000100060000000300080000600500170001400800410003103500190007203500120009104000310010304100080013408200260014210000540016824500570022225000270027926000320030630000210033850400320035965000440039194200120043599900170044795201440046495201370060872767BD-RjUL20211209082316.0170523s1968 gw bd 000 0 eng d a(BD-RjUL)72985 a2498556 aLCbengcLCdSSLPdBD-RjUL aeng04223a581.603bUPD 19681 aUphof, Johannes Cornelis Theodorusd1886-921524610aDictionary of economic plants /cby J. C. Th. Uphof. a2nd ed., rev. and enl. aLehre :bJ. Cramer ;c1968. a591 p. ;c25 cm. aBibliography ( p. 564-591). 0aBotany, EconomicxDictionaries.9215247 2ddccBK c72767d72767 00102ddc40718NFICaRUCLbRUCLcReferenced1969-06-10eZeitlingerg0.00l0oR 581.603 UPD 1968r2017-05-23 00:00:00tC-1w2021-12-09yBK 00102ddc40718REFaRUCLbRUCLcReferenced1969-06-10eZeitlingerl0oR 581.603 UPD 1968r2019-01-07 00:00:00tC-2w2021-12-09yBK